000 00533nam a22002177a 4500
003 UA-OsUOA
001 43864
007 ta
008 20070127b un ||||| |||| 00| 0 ukr d
090 _a323.2(477)
942 _cBK
040 _aUA-OsUOA
_bukr
_cUA-OsUOA
_dUA-OsUOA
245 _aНова влада: перші кроки (з точки зору КУІНу)
300 _a88 с.
955 _a4
041 _aukr
080 _a323.2(477)
260 _aК.
_c2006
650 7 _a32 Політика
_2UDC
999 _c329983
_d329983